| 000 | 00752 a2200253 4500 | ||
|---|---|---|---|
| 001 | 200130063 | ||
| 999 |
_c200130063 _d31196 |
||
| 003 | TR-AnTOB | ||
| 005 | 20190408220339.0 | ||
| 008 | 130724s2006 tu 001 0 | ||
| 020 | _a9756194529 | ||
| 040 | _aTR-AnTOB | ||
| 041 | _atur | ||
| 050 | 0 |
_aKKX970 _b.O96 2006 |
|
| 090 | _aKKX970.O96 2006 | ||
| 100 | 1 |
_aÖzman, Aydoğan _982993 |
|
| 245 | 1 | 0 |
_aDeniz hukuku I : _bgiriş-kaynaklar-kişiler-nesneler-ulusal alanlar / _cAydoğan Özman. |
| 264 | 1 |
_aAnkara : _bTurhan Kitabevi Yayınları, _c2006. |
|
| 300 |
_axxiii, 465 p.; _c24 cm. |
||
| 504 | _aIncludes bibliographical references and index. | ||
| 650 | 0 |
_aDeniz hukuku _zTürkiye _927559 |
|
| 650 | 0 |
_aMaritime law _zTurkey _943805 |
|
| 942 | _cBK | ||